Mathematics of investments (Record no. 2058)
[ view plain ]
| 000 -LEADER | |
|---|---|
| fixed length control field | 00531nam a22001697a 4500 |
| 003 - CONTROL NUMBER IDENTIFIER | |
| control field | URS |
| 005 - DATE AND TIME OF LATEST TRANSACTION | |
| control field | 20220114141955.0 |
| 008 - FIXED-LENGTH DATA ELEMENTS--GENERAL INFORMATION | |
| fixed length control field | 190507s2000 ph a|||| |||| 00| 0 eng d |
| 040 ## - CATALOGING SOURCE | |
| Transcribing agency | URS |
| Language of cataloging | eng |
| Modifying agency | rda |
| 050 14 - LIBRARY OF CONGRESS CALL NUMBER | |
| Classification number | HE 5691 |
| Item number | .A357 2000 |
| 100 ## - MAIN ENTRY--PERSONAL NAME | |
| Personal name | Aldaba, Edilberto P. |
| 245 30 - TITLE STATEMENT | |
| Title | Mathematics of investments |
| Statement of responsibility, etc. | Edilberto P. Aldada, Felina C. Young, Diosdado Amante |
| 264 ## - PRODUCTION, PUBLICATION, DISTRIBUTION, MANUFACTURE, AND COPYRIGHT NOTICE | |
| Place of production, publication, distribution, manufacture | Mandaluyong City: |
| Name of producer, publisher, distributor, manufacturer | National Book Store; |
| Date of production, publication, distribution, manufacture, or copyright notice | [2000] |
| 300 ## - PHYSICAL DESCRIPTION | |
| Extent | v, 261 pages: |
| Other physical details | with Illustrations; |
| Dimensions | 25 cm. |
| 700 ## - ADDED ENTRY--PERSONAL NAME | |
| Personal name | Young, Felina C. |
| 942 ## - ADDED ENTRY ELEMENTS (KOHA) | |
| Source of classification or shelving scheme | Library of Congress Classification |
| Koha item type | Filipiniana |
| Withdrawn status | Source of classification or shelving scheme | Damaged status | Not for loan | Collection code | Home library | Current library | Date acquired | Total Checkouts | Full call number | Barcode | Date last seen | Price effective from | Koha item type | Shelving location |
|---|---|---|---|---|---|---|---|---|---|---|---|---|---|---|
| Library of Congress Classification | Non-fiction | Cainta College Library | Cainta College Library | 04/03/2017 | HE 5691.A325 2000 | URSCAI-599 | 04/03/2017 | 04/03/2017 | Filipiniana | |||||
| Library of Congress Classification | Non-fiction | Cainta College Library | Cainta College Library | 04/03/2017 | HE5691.A325 2000 | URSCAI-600 | 04/03/2017 | 04/03/2017 | Filipiniana | On Display | ||||
| Library of Congress Classification | Non-fiction | Cainta College Library | Cainta College Library | 04/03/2017 | HE 5691.A325 2000 | URSCAI-601 | 04/03/2017 | 04/03/2017 | Filipiniana | |||||
| Library of Congress Classification | Non-fiction | Cainta College Library | Cainta College Library | 04/03/2017 | HE 5691.A325 2000 | URSCAI-602 | 04/03/2017 | 04/03/2017 | Filipiniana | |||||
| Library of Congress Classification | Non-fiction | Cainta College Library | Cainta College Library | 04/03/2017 | HE 5691.A325 2000 | URSCAI-603 | 04/03/2017 | 04/03/2017 | Filipiniana | |||||
| Library of Congress Classification | Non-fiction | Cainta College Library | Cainta College Library | 04/03/2017 | HE5691.A325 2000 | URSCAI-604 | 04/03/2017 | 04/03/2017 | Filipiniana | On Display | ||||
| Library of Congress Classification | Non-fiction | Cainta College Library | Cainta College Library | 04/03/2017 | HE 5691.A325 2000 | URSCAI-605 | 04/03/2017 | 04/03/2017 | Filipiniana | |||||
| Library of Congress Classification | Non-fiction | Cainta College Library | Cainta College Library | 04/03/2017 | HE5691.A325 2000 | URSCAI-606 | 04/03/2017 | 04/03/2017 | Filipiniana | On Display | ||||
| Library of Congress Classification | Non-fiction | Cainta College Library | Cainta College Library | 04/03/2017 | HE5691.A325 2000 | URSCAI-607 | 04/03/2017 | 04/03/2017 | Filipiniana | On Display | ||||
| Library of Congress Classification | Non-fiction | Cainta College Library | Cainta College Library | 04/03/2017 | HE5691.A325 2000 | URSCAI-608 | 04/03/2017 | 04/03/2017 | Filipiniana | On Display | ||||
| Library of Congress Classification | Non-fiction | Cainta College Library | Cainta College Library | 04/03/2017 | HE 5691.A325 2000 | URSCAI-609 | 04/03/2017 | 04/03/2017 | Filipiniana | |||||
| Library of Congress Classification | Non-fiction | Cainta College Library | Cainta College Library | 04/03/2017 | HE 5691.A325 2000 | URSCAI-610 | 04/03/2017 | 04/03/2017 | Filipiniana | |||||
| Library of Congress Classification | Non-fiction | Cainta College Library | Cainta College Library | 04/03/2017 | HE 5691.A325 2000 | URSCAI-611 | 04/03/2017 | 04/03/2017 | Filipiniana | |||||
| Library of Congress Classification | Non-fiction | Cainta College Library | Cainta College Library | 04/03/2017 | HE 5691.A325 2000 | URSCAI-612 | 04/03/2017 | 04/03/2017 | Filipiniana | |||||
| Library of Congress Classification | Non-fiction | Cainta College Library | Cainta College Library | 04/03/2017 | HE 5691.A325 2000 | URSCAI-613 | 04/03/2017 | 04/03/2017 | Filipiniana | |||||
| Library of Congress Classification | Non-fiction | Cainta College Library | Cainta College Library | 04/03/2017 | HE 5691.A325 2000 | URSCAI-614 | 04/03/2017 | 04/03/2017 | Filipiniana | |||||
| Library of Congress Classification | Non-fiction | Cainta College Library | Cainta College Library | 04/03/2017 | HE 5691.A325 2000 | URSCAI-615 | 04/03/2017 | 04/03/2017 | Filipiniana | |||||
| Library of Congress Classification | Non-fiction | Cainta College Library | Cainta College Library | 04/03/2017 | HE 5691.A325 2000 | URSCAI-616 | 04/03/2017 | 04/03/2017 | Filipiniana | |||||
| Library of Congress Classification | Non-fiction | Cainta College Library | Cainta College Library | 04/03/2017 | HE 5691.A325 2000 | URSCAI-617 | 04/03/2017 | 04/03/2017 | Filipiniana | |||||
| Library of Congress Classification | Non-fiction | Cainta College Library | Cainta College Library | 04/03/2017 | HE 5691.A325 2000 | URSCAI-618 | 04/03/2017 | 04/03/2017 | Filipiniana |